000 00597 a2200181 4500
999 _c5858
_d5858
010 _aENG-86982
020 _a0195681576
_c650.00
035 _aEN-70515
037 _bDBAD / PUB
082 1 4 _a306.450954
245 1 _aSocial history of science in colonial India /
_ced.by S.Irfan Habib [and] Dhruv Raina
260 _aNew Delhi
_bOxford University Press
_c2007
270 _aY.M.C.A . Library building, Jai Singh Road,
_bNew Delhi
_e110 001
300 _axl, 395 p
_c21 cm (Hb)
700 1 _aHabib, S.Irfan
700 1 _aRaina, Dhruv
942 _adpl
_cEN
_2ddc
_h306.450954
_mSOC